|
|
|
|
| LEADER |
00000cam a2200000 7i4500 |
| 001 |
0000013920 |
| 005 |
20050503.0 |
| 020 |
|
|
|a 1576854124
|
| 040 |
|
|
|a INS
|
| 090 |
0 |
0 |
|a HD1381
|b R387 2002
|
| 100 |
1 |
|
|a Tamper, Ralph
|
| 245 |
1 |
0 |
|a Real estate essentials :
|b A glossary and study guide
|c Ralph Tamper
|
| 250 |
|
|
|a 1st ed.
|
| 260 |
|
|
|a New york :
|b Learning expess ,
|c 2002
|
| 300 |
|
|
|a 114p :
|b 21cm
|
| 650 |
0 |
0 |
|a Real estate agents
|x Licenses
|y Study guides
|
| 650 |
0 |
0 |
|a Real estate business
|x Law and legislation
|y Study guides
|
| 650 |
0 |
0 |
|a Real estate business
|x Licences
|y United states
|z Examination, questions, etc-Study guide
|
| 650 |
0 |
0 |
|a Real estate business
|x United states
|
| 650 |
0 |
0 |
|a Real estate business
|x United states
|y Examinations, question, etc
|z Study guides
|
| 650 |
0 |
0 |
|a Real property
|x United states
|
| 999 |
|
|
|a 0000014191
|b BOOK
|c Open Shelf
|e Default branch
|